Bible Books In Order Quiz Stats

 Plays Quiz Updated Jul 16, 2015

Also try: Bible Top 200
Challenge
Share
Tweet
Embed
Score 0/66 Timer 07:00
1 Play Today
Testament Book % Correct
Old TestamentGenesis
98.5%
Old TestamentExodus
96.5%
Old TestamentLeviticus
93.6%
Old TestamentNumbers
92.7%
Old TestamentDeuteronomy
90.2%
Old TestamentJoshua
83.7%
Old TestamentJudges
83.2%
Old TestamentRuth
82.1%
Old Testament1 Kings
80.1%
Old Testament2 Kings
80.1%
Old Testament1 Samuel
79.5%
Old Testament2 Samuel
79.4%
Old TestamentPsalms
77.6%
Old Testament1 Chronicles
76.8%
Old Testament2 Chronicles
76.7%
Old TestamentProverbs
76.2%
Old TestamentJob
75%
New TestamentMatthew
74.2%
New TestamentMark
74.2%
New TestamentLuke
74.1%
New TestamentJohn
74%
Old TestamentEzra
73%
Old TestamentEsther
72.6%
Old TestamentSong of Solomon
72.1%
Old TestamentIsaiah
71%
New TestamentActs
71%
Old TestamentNehemiah
70.8%
Old TestamentEcclesiastes
69.2%
Old TestamentJeremiah
68.6%
New TestamentRomans
68.6%
Old TestamentDaniel
64.9%
New Testament1 Corinthians
64.4%
New Testament2 Corinthians
64.1%
Testament Book % Correct
Old TestamentEzekiel
64.1%
Old TestamentLamentations
63.1%
New TestamentRevelation to John
62.3%
Old TestamentHosea
60%
Old TestamentAmos
59.9%
New TestamentGalatians
59.8%
New TestamentEphesians
59.7%
Old TestamentJoel
58.9%
Old TestamentMalachi
58.8%
Old TestamentObadiah
57.5%
Old TestamentJonah
57.4%
Old TestamentMicah
55.7%
New TestamentPhilippians
55.3%
New Testament1 John
55%
New Testament2 John
54.9%
New Testament3 John
54.7%
New TestamentColossians
54.6%
New TestamentJude
53.9%
Old TestamentNahum
53.5%
Old TestamentZechariah
52.9%
New Testament1 Thessalonians
52.9%
New Testament1 Timothy
52.8%
Old TestamentZephaniah
52.7%
New Testament2 Thessalonians
52.6%
Old TestamentHabakkuk
52.4%
New Testament1 Peter
52.4%
New Testament2 Timothy
52.2%
New Testament2 Peter
52.2%
Old TestamentHaggai
52.2%
New TestamentHebrews
51.2%
New TestamentTitus
51.1%
New TestamentJames
50.4%
New TestamentPhilemon
50%

You're not logged in!

Compare scores with friends on all Sporcle quizzes.
OR
Log In

You Might Also Like...

Show Comments

Extras

Top Quizzes Today


Score Distribution

Your Account Isn't Verified!

In order to create a playlist on Sporcle, you need to verify the email address you used during registration. Go to your Sporcle Settings to finish the process.

Report this User

Report this user for behavior that violates our Community Guidelines.

Details: